000 01271nam a2200265Ia 4500
003 OSt
005 20220930094837.0
006 a|||||r|||| 00| 0
007 ta
008 220926b |||||||| |||| 00| 0 hin d
024 _a21635
037 _cTheses
040 _aCRL
_cCRL
_bhin
041 _2hin
_ahin
100 _aसुशीला कुमारी
110 _aदिल्ली विश्वविद्यालय. कला संकाय. संस्कृत विभाग
_9556425
245 0 _aप्रशस्तपादाचार्य सम्मत नित्य-द्रव्य निरूपण का आलोचनात्मक अध्ययन
246 _aPrashastapādāchārya sammat nitya-dravya nirūpaṇ kā ālochanātmak adhyayana
260 _c2014
650 _aसंस्कृत साहित्य
700 _a डॉ. पंकज कुमार मिश्र, गा.
_9556426
700 _aदिल्ली विश्वविद्यालय. कला संकाय. संस्कृत विभाग
_9556427
942 _cDIS
_2CC
999 _c887762
_d887762